000 00292nam a2200097Ia 4500
008 220204s9999 xx 000 0 und d
082 _a339.5
_bPRO
245 0 _aProceedings of the second meeting of advisory council on trade
260 _aNew Delhi
_bMinistry of foreign trade
_c1969
942 _cBK
999 _c23561
_d23561